000 00752nam a2200217 a 4500
001 000038923
005 20240412074259.0
008 130506s2012 dr r 000 p spa d
020 _a9789945855241
040 _aDO-SdBNP
_bspa
_cBNPHU
082 _aRD861.44
_bR572c
100 1 _aRijo de la Cruz, Fausto,
_d1962-
_965190
245 1 3 _aEl cantar del ruiseñor en primavera :
_bpoemas /
_cFausto Rijo de la Cruz ; prólogo Víctor Díaz.
260 _aHigüey, República Dominicana :
_bPhoto Print,
_c2012.
300 _a193 p. ;
_c23 cm.
590 _aInventariado, 2018/BT
650 0 _aPoesía dominicana
_966
650 0 _aLiteratura dominicana.
_967
700 1 _aDíaz, Víctor,
_epról.
_965191
910 _aValidado. Control de calidad. MMOLINA
999 _c38413
_d38413